UBT Library

McGraw-Hill medical dictionary for allied health / (Record no. 42320)

000 -LEADER
fixed length control field 00889cam a22002654a 4500
001 - CONTROL NUMBER
control field 14629925
005 - DATE AND TIME OF LATEST TRANSACTION
control field 20180212044925.0
008 - FIXED-LENGTH DATA ELEMENTS--GENERAL INFORMATION
fixed length control field 061109s2008 mauaf d 000 0 eng
010 ## - LIBRARY OF CONGRESS CONTROL NUMBER
LC control number 2006047037
020 ## - INTERNATIONAL STANDARD BOOK NUMBER
International Standard Book Number 9780073510965 (alk. paper)
020 ## - INTERNATIONAL STANDARD BOOK NUMBER
International Standard Book Number 0073510963 (alk. paper)
035 ## - SYSTEM CONTROL NUMBER
System control number (OCoLC)ocm76263166
035 ## - SYSTEM CONTROL NUMBER
System control number (OCoLC)76263166
040 ## - CATALOGING SOURCE
Original cataloging agency DLC
Transcribing agency DLC
Modifying agency YDX
-- BAKER
-- BTCTA
-- YDXCP
-- DLC
041 ## - LANGUAGE CODE
Language code of text/sound track or separate title eng
080 ## - UNIVERSAL DECIMAL CLASSIFICATION NUMBER
Universal Decimal Classification number 610.3 bre
082 00 - DEWEY DECIMAL CLASSIFICATION NUMBER
Classification number 610.3 bre
Edition number 22
100 ## - Rafti
Rafti 3
101 ## - Shkurtesa
Shkurtesa shm
245 10 - TITLE STATEMENT
Title McGraw-Hill medical dictionary for allied health /
Statement of responsibility, etc Myrna Breskin ... [et al.].
246 30 - VARYING FORM OF TITLE
Title proper/short title Medical dictionary for allied health
906 ## - LOCAL DATA ELEMENT F, LDF (RLIN)
a 7
b cbc
c orignew
d 1
e ocip
f 20
g y-gencatlg
942 ## - ADDED ENTRY ELEMENTS (KOHA)
Source of classification or shelving scheme
Item type Books
Holdings
Withdrawn status Lost status Source of classification or shelving scheme Damaged status Not for loan Collection code Permanent location Current location Shelving location Date acquired Total Checkouts Full call number Barcode Date last seen Price effective from Koha item type
          Koleksioni i përgjithshem UBT - Lipjan UBT - Lipjan Koleksioni i përgjithshem 02/12/2018   610.3 bre 002-2998498 02/12/2018 02/12/2018 Books
UBT Library © 2015-2024. All rights reserved University Education for Business and Technology